00889nam a22002537a 45000010005000000030006000050050017000110080041000280200018000690400030000870500017001170820011001341000019001452450116001642600050002803000061003305050008003915200094003995210023004935210020005166500032005366500029005687000038005979790FISKH20260224160735.0260224b cb ||||| |||| 00| 0 eng d a9780064432108 aFISKHbeng cFISKHdFISKH aPZ7 .K875 .C a813.54 aKrauss , Ruth  aThe carrot seed /cStory by Ruth Krauss : Pictures by Crockett Johnson creator of Harold and the purple crayon  aNew York : bHarperCollinsPublishers c1945 . a27 unnumbered pages : bcolor illustrations ; c20 cm .  aG  aDespite everyone's dire predictions, a little boy has faith in the carrot seed he plants.8 a400 bLexile AD 8 aG bRaz-Plus  aPlanting vChildren's Books aGardenvChildren's Books aJohnson , Crockett eIllustrator